000 00861cam a2200265 c 4500
001 a5064142
003 CO-ViMGA
005 20230915224411.0
008 110614s2010 sp | |||| 001 0 spa
020 _a9788498414516
040 _aCO-ViMGA
_bspa
_cCO-ViMGA
041 1 _hnor
082 _a839.8236
_bG117m
100 1 _aGaarder, Jostein
_d1952-
_97601
240 1 0 _aSofies verden
_lEspañol
245 1 3 _aEl mundo de Sofia
_h[Texto impreso] :
_bnovela sobre la historia de la filosofia
_cJostein Gaarder ; traduccion del noruego de Kirsti Baggethun y Asuncion Lorenzo
250 _a11a. ed. (85a. ed. en Es)
260 _aMadrid
_bSiruela
_c2015
300 _aX, 638 p.
_c19 cm
490 0 _aBiblioteca Gaarder
_v1
490 0 _aLas tres edades
500 _aìndice
650 7 _aFilosofia
_vHistoria
_vLibros infantiles
_2embne
_97602
942 _2ddc
_cBK
999 _c3767
_d3767